[Event "XI Open Piemonte Scacchi"]
[Site "Torino ITA"]
[Date "2011.09.11"]
[Round "5"]
[White "Martin, Tiziano"]
[Black "Quirico, Paolo"]
[Result "1/2-1/2"]
[WhiteElo "1948"]
[BlackElo "2191"]
[PlyCount "146"]
[EventDate "2011.09.09"]

1. d4 Nf6 2. Nf3 c5 3. c3 d5 4. dxc5 e6 5. b4 a5 6. e3 axb4 7. cxb4 b6 8. Bb5+
Bd7 9. Bxd7+ Nbxd7 10. O-O bxc5 11. bxc5 Bxc5 12. Bb2 O-O 13. Nbd2 Qb6 14. Nb3
Ba3 15. Bxa3 Rxa3 16. Qc2 Rfa8 17. Rfb1 h6 18. h3 Qa6 19. Nc1 Ne4 20. Rb3 Ra4
21. Qb2 Nd6 22. Ne5 Nc4 23. Nxc4 Rxc4 24. Nd3 Rac8 25. Rb7 Nc5 26. Nxc5 R8xc5
27. Rb8+ Kh7 28. Qb1+ Rc2 29. a4 Qe2 30. Qf1 Qd2 31. Rbb1 e5 32. a5 Ra2 33.
Rxa2 Qxa2 34. Ra1 Qc4 35. a6 Rc8 36. Qb1+ e4 37. Qb7 Qc3 38. Rb1 Qc6 39. a7
Qxb7 40. Rxb7 Rc1+ 41. Kh2 Ra1 42. Rxf7 Kg6 43. Rd7 Kf6 44. Kg3 g6 45. h4 Ra2
46. Rd6+ Kf7 47. Rxd5 Rxa7 48. Rd4 Re7 49. Kf4 g5+ 50. hxg5 hxg5+ 51. Kxg5 Re6
52. Rd7+ Ke8 53. Ra7 Rb6 54. Ra4 Kf7 55. Rxe4 Rg6+ 56. Kf4 Rxg2 57. f3 Rh2 58.
Kg4 Rg2+ 59. Kf5 Re2 60. f4 Re1 61. Ke5 Re2 62. f5 Re1 63. Kd5 Kf6 64. Re5 Ra1
65. Re6+ Kxf5 66. e4+ Kg5 67. Rb6 Ra5+ 68. Kd4 Ra4+ 69. Kd5 Ra5+ 70. Kd6 Kf4
71. Rb4 Re5 72. Ra4 Rxe4 73. Rxe4+ Kxe4 1/2-1/2

[Event "XI Open Piemonte Scacchi"]
[Site "Torino ITA"]
[Date "2011.09.11"]
[Round "5"]
[White "Jotev, Yassen"]
[Black "Bianco, Valerio"]
[Result "1/2-1/2"]
[WhiteElo "2086"]
[BlackElo "2176"]
[PlyCount "118"]
[EventDate "2011.09.09"]

1. e4 c5 2. Nf3 b6 3. d4 cxd4 4. Nxd4 Bb7 5. Nc3 a6 6. Be3 e6 7. f3 Qc7 8. Qd2
Bb4 9. a3 Bxc3 10. Qxc3 Qxc3+ 11. bxc3 d6 12. Rb1 Nd7 13. a4 Rb8 14. Be2 Ne7
15. O-O Kd8 16. Rfd1 Kc7 17. Nb3 Nc6 18. Nd2 Na5 19. Rb4 Nc6 20. Rb2 Nc5 21.
Nc4 Nxa4 22. Bxb6+ Nxb6 23. Rxb6 Rhd8 24. Rbb1 Bc8 25. Rxb8 Nxb8 26. Ne3 Nd7
27. Kf2 Nc5 28. Nc4 Bb7 29. Ke3 Bc6 30. Ra1 Bb5 31. Kd4 Na4 32. Bd3 e5+ 33. Ke3
Nxc3 34. Kd2 Na4 35. Ne3 Bxd3 36. Nd5+ Kb7 37. cxd3 Nc5 38. Rb1+ Kc8 39. Nb6+
Kc7 40. Nd5+ Kd7 41. Kc2 f6 42. g3 Ke8 43. Nc7+ Kf7 44. Nd5 a5 45. Rb5 Ra8 46.
Kb2 Ra7 47. Ka3 Nxd3 48. Ne3 Nc5 49. Nc4 Ke6 50. Nxa5 f5 51. exf5+ Kxf5 52. Kb4
h5 53. Nc4 Ra6 54. Nxd6+ Rxd6 55. Rxc5 g5 56. Kc3 h4 57. Rc4 hxg3 58. hxg3 Rd1
59. g4+ Kf6 1/2-1/2

[Event "XI Open Piemonte Scacchi"]
[Site "Torino ITA"]
[Date "2011.09.11"]
[Round "5"]
[White "Melling, Jonathon"]
[Black "Faraoni, Enrico"]
[Result "0-1"]
[WhiteElo "1882"]
[BlackElo "2104"]
[PlyCount "55"]
[EventDate "2011.09.09"]

1. d4 g6 2. c4 Bg7 3. Nc3 Nf6 4. Nf3 O-O 5. e3 d6 6. Bd3 Nbd7 7. Qc2 e5 8. O-O
Re8 9. Nd2 h5 10. f3 exd4 11. exd4 Nh7 12. Nb3 c5 13. dxc5 Nxc5 14. Nxc5 dxc5
15. Nd5 b5 16. Bf4 Bb7 17. b3 Bxd5 18. cxd5 Bd4+ 19. Kh1 Bxa1 20. Rxa1 Qf6 21.
Qc1 c4 22. bxc4 bxc4 23. Bc2 Re2 24. Rb1 Rxc2 25. Qe3 Rc3 26. Qd2 Rd3 27. Qc1
Rxd5 28. g3 0-1

[Event "XI Open Piemonte Scacchi"]
[Site "Torino ITA"]
[Date "2011.09.11"]
[Round "5"]
[White "Giacometto, Mario"]
[Black "Guzzetti, Luigi Enrico"]
[Result "1-0"]
[WhiteElo "2004"]
[BlackElo "1955"]
[PlyCount "59"]
[EventDate "2011.09.09"]

1. e4 c5 2. Nf3 e6 3. c3 Nc6 4. d4 d5 5. e5 Qb6 6. a3 Bd7 7. b4 cxd4 8. cxd4
Nge7 9. Be3 Nf5 10. Bd3 Nxe3 11. fxe3 Be7 12. O-O Rc8 13. Qe2 O-O 14. Nbd2 f6
15. exf6 Bxf6 16. Nb3 Qd8 17. e4 dxe4 18. Qxe4 g6 19. Nc5 Qe7 20. Rac1 Nd8 21.
d5 e5 22. Nxd7 Qxd7 23. Rxc8 Qxc8 24. Nxe5 Qc3 25. Nf3 Nf7 26. h4 Nd6 27. Qe6+
Kg7 28. Qxd6 Qxd3 29. Qd7+ Rf7 30. Qxf7+ 1-0

[Event "XI Open Piemonte Scacchi"]
[Site "Torino ITA"]
[Date "2011.09.11"]
[Round "5"]
[White "Guidi, Paolo"]
[Black "Haddad Filho, Paulo Ibrahim"]
[Result "0-1"]
[WhiteElo "1871"]
[BlackElo "1971"]
[PlyCount "76"]
[EventDate "2011.09.09"]

1. Nf3 d5 2. d4 Nf6 3. e3 Bg4 4. h3 Bh5 5. g4 Bg6 6. Ne5 Nbd7 7. h4 h6 8. Nxg6
fxg6 9. Bd3 Kf7 10. h5 g5 11. f4 c5 12. c3 Qc7 13. Qf3 gxf4 14. exf4 cxd4 15.
g5 hxg5 16. fxg5 Ne5 17. Bg6+ Kg8 18. Qg3 Ne4 19. Bxe4 dxe4 20. O-O Qc5 21.
cxd4 Qxd4+ 22. Be3 Qd3 23. Nc3 Nf3+ 24. Rxf3 exf3 25. Qxf3 e6 26. Ne4 Be7 27.
Re1 Qd5 28. Rf1 Rf8 29. Nf6+ Bxf6 30. Qg3 Be5 31. Rxf8+ Kxf8 32. Qf2+ Ke7 33.
g6 Qd1+ 34. Kg2 Qd5+ 35. Kg1 Rf8 36. Bc5+ Bd6 37. Qh4+ Kd7 38. Bxd6 Qxd6 0-1

[Event "XI Open Piemonte Scacchi"]
[Site "Torino ITA"]
[Date "2011.09.11"]
[Round "5"]
[White "Macheda, Andrea"]
[Black "Bosticardo, Tommaso"]
[Result "0-1"]
[WhiteElo "1915"]
[BlackElo "1708"]
[PlyCount "44"]
[EventDate "2011.09.09"]

1. c4 e6 2. e4 d5 3. exd5 exd5 4. cxd5 Qxd5 5. Nc3 Qd8 6. Bc4 Nf6 7. Nf3 Be7 8.
O-O O-O 9. d4 Nbd7 10. d5 Nb6 11. Bb3 Bf5 12. Bf4 Ne4 13. Nb5 Nd6 14. Nbd4 Be4
15. Nc2 Bf6 16. Re1 Bxf3 17. Qxf3 Bxb2 18. Rad1 Bf6 19. Ne3 Re8 20. Ng4 Bg5 21.
Be5 h5 22. Ne3 Rxe5 0-1

[Event "XI Open Piemonte Scacchi"]
[Site "Torino ITA"]
[Date "2011.09.11"]
[Round "5"]
[White "Riccardi, Mauro"]
[Black "Manunta, Andrea"]
[Result "1/2-1/2"]
[WhiteElo "1836"]
[BlackElo "1770"]
[PlyCount "134"]
[EventDate "2011.09.09"]

1. d4 e6 2. e4 d5 3. Nc3 Bb4 4. e5 c5 5. a3 Bxc3+ 6. bxc3 Qa5 7. Bd2 Qa4 8. Nf3
c4 9. Be2 Nc6 10. O-O Bd7 11. Bg5 h6 12. Bh4 g5 13. Bxg5 hxg5 14. Nxg5 Nh6 15.
Bh5 O-O-O 16. Bxf7 Rde8 17. Bxe8 Rxe8 18. Qh5 Ng8 19. Nf7 Kb8 20. Nd6 Rf8 21.
Qh7 Nge7 22. Rfb1 b6 23. h4 Qa5 24. Rb4 Bc8 25. Qg7 Rg8 26. Qf7 Nxb4 27. cxb4
Qa4 28. Qxe7 Qxc2 29. Nb5 Qa4 30. Qc7+ Ka8 31. Nd6 Qd7 32. Qxd7 Bxd7 33. b5 Rg4
34. Rd1 Rxh4 35. g3 Rh7 36. Kg2 Kb8 37. g4 Kc7 38. f4 Rg7 39. Kf3 Rh7 40. Kg3
Rg7 41. a4 Kd8 42. Rh1 Kc7 43. Kf3 Kd8 44. f5 exf5 45. gxf5 Kc7 46. f6 Rg8 47.
f7 Rf8 48. Ke2 Be6 49. Rf1 Kd7 50. Rf6 Ke7 51. Ke3 Bd7 52. Kd2 Be6 53. Kc3 Bxf7
54. Nf5+ Ke8 55. Ne3 Bg8 56. Rd6 Rf3 57. Kd2 Rf2+ 58. Ke1 Ra2 59. Nxd5 Bxd5 60.
Rxd5 Rxa4 61. Kd2 Ra3 62. Kc2 Rb3 63. e6 Re3 64. Rd7 Rxe6 65. Rxa7 Re3 66. Rc7
Rb3 67. Rxc4 Rxb5 1/2-1/2

[Event "XI Open Piemonte Scacchi"]
[Site "Torino ITA"]
[Date "2011.09.11"]
[Round "5"]
[White "Briata, Federico"]
[Black "Ivaldo, Fabrizio"]
[Result "0-1"]
[WhiteElo "1745"]
[BlackElo "1913"]
[PlyCount "42"]
[EventDate "2011.09.09"]

1. e4 e6 2. d4 d5 3. Nd2 Nf6 4. e5 Nfd7 5. c3 c5 6. f4 Nc6 7. Ndf3 Qb6 8. Ne2
f6 9. g3 cxd4 10. cxd4 fxe5 11. fxe5 Bb4+ 12. Nc3 O-O 13. Bh3 Ndxe5 14. dxe5
Nxe5 15. Bf4 Rxf4 16. gxf4 Qe3+ 17. Qe2 Nxf3+ 18. Kf1 Qxf4 19. Qf2 Bxc3 20.
bxc3 Bd7 21. Bg2 Bb5+ 0-1

[Event "XI Open Piemonte Scacchi"]
[Site "Torino ITA"]
[Date "2011.09.11"]
[Round "5"]
[White "D'Amato, Piergiorgio"]
[Black "Ravazzolo, Gaia"]
[Result "1/2-1/2"]
[WhiteElo "1856"]
[BlackElo "1732"]
[PlyCount "33"]
[EventDate "2011.09.09"]

1. e4 c6 2. d4 d5 3. exd5 cxd5 4. c4 Nf6 5. Nc3 Nc6 6. c5 g6 7. Bb5 Bg7 8. Bf4
O-O 9. Bxc6 bxc6 10. b4 Nh5 11. Be3 Rb8 12. Qa4 Qc7 13. Nge2 Bd7 14. O-O e5 15.
Rab1 Bf5 16. Rbd1 Nf4 17. dxe5 1/2-1/2

[Event "XI Open Piemonte Scacchi"]
[Site "Torino ITA"]
[Date "2011.09.11"]
[Round "5"]
[White "Dall'Igna, Antonio"]
[Black "Carbone, Lorenzo"]
[Result "0-1"]
[WhiteElo "1515"]
[BlackElo "1759"]
[PlyCount "72"]
[EventDate "2011.09.09"]

1. c4 c5 2. Nc3 e6 3. e3 Nc6 4. g3 d5 5. b3 d4 6. exd4 Nxd4 7. Nf3 Nf6 8. Nxd4
cxd4 9. Ne2 Be7 10. d3 O-O 11. Bg2 e5 12. O-O Rb8 13. f4 Bd6 14. fxe5 Bxe5 15.
Bf4 Re8 16. Qd2 Bg4 17. Rae1 Qd7 18. Kh1 Re7 19. Ng1 Rbe8 20. Bxe5 Rxe5 21.
Rxe5 Rxe5 22. Qf4 Qe8 23. Qxd4 b6 24. Qf4 Bd7 25. d4 Rf5 26. Qc7 Rxf1 27. Bxf1
Ng4 28. Qf4 h6 29. Bh3 g5 30. Qf3 f5 31. Bxg4 fxg4 32. Qd5+ Kh7 33. Qb7 Qe7 34.
Qg2 Bf5 35. Qe2 Be4+ 36. Nf3 Bxf3+ 0-1

[Event "XI Open Piemonte Scacchi"]
[Site "Torino ITA"]
[Date "2011.09.11"]
[Round "5"]
[White "Tondo, Stefano"]
[Black "Iacomussi, Mario"]
[Result "1-0"]
[WhiteElo "1502"]
[BlackElo "1747"]
[PlyCount "109"]
[EventDate "2011.09.09"]

1. e4 c5 2. Nf3 d6 3. d4 cxd4 4. Nxd4 Nf6 5. Nc3 a6 6. Bg5 e6 7. f4 Be7 8. Qf3
Qc7 9. f5 Nc6 10. Rd1 Ne5 11. Qe2 O-O 12. Bxf6 Bxf6 13. g4 Bh4+ 14. Kd2 b5 15.
a3 Nc4+ 16. Kc1 Bg5+ 17. Kb1 Ne3 18. Rd3 Nc4 19. h4 Bf4 20. Qf2 Be5 21. g5 Bd7
22. f6 g6 23. h5 Bxd4 24. Rxd4 Nxa3+ 25. Kc1 Nc4 26. Qh2 Bc6 27. Bxc4 bxc4 28.
Rxc4 Ra7 29. hxg6 fxg6 30. Qh3 Qd7 31. Rd4 e5 32. Qxd7 Rxd7 33. Rd2 Rb8 34.
Rhd1 Rbd8 35. Nd5 Bxd5 36. Rxd5 Kf7 37. Rh1 h5 38. c4 Rc7 39. b3 Ke6 40. Kc2
Rc5 41. Rhd1 Rxd5 42. cxd5+ Kf7 43. Ra1 Rc8+ 44. Kb2 Ra8 45. b4 h4 46. Rh1 Rh8
47. Kb3 h3 48. Ka4 h2 49. Ka5 Rh4 50. Kxa6 Rxe4 51. b5 Ra4+ 52. Kb6 e4 53. Rxh2
e3 54. Kc6 Re4 55. Re2 1-0

[Event "XI Open Piemonte Scacchi"]
[Site "Torino ITA"]
[Date "2011.09.11"]
[Round "5"]
[White "Coxe, Marino"]
[Black "Cardino, Guido"]
[Result "0-1"]
[WhiteElo "1744"]
[BlackElo "1452"]
[PlyCount "40"]
[EventDate "2011.09.09"]

1. e4 c5 2. Nf3 d6 3. Bb5+ Nd7 4. d4 cxd4 5. Nxd4 Ngf6 6. Nc3 a6 7. Be2 e5 8.
Nf3 Nc5 9. Bd3 Nxd3+ 10. cxd3 Bd7 11. h3 Be7 12. O-O O-O 13. d4 exd4 14. Nxd4
Re8 15. Re1 h6 16. e5 dxe5 17. Rxe5 Bd6 18. Re3 Qc7 19. Qf3 Bc5 20. Rd3 Re1#
0-1

[Event "XI Open Piemonte Scacchi"]
[Site "Torino ITA"]
[Date "2011.09.11"]
[Round "5"]
[White "Busi, Piero"]
[Black "Fassio, Francesco"]
[Result "0-1"]
[WhiteElo "1293"]
[BlackElo "1652"]
[PlyCount "46"]
[EventDate "2011.09.09"]

1. Nf3 c5 2. c4 Nc6 3. Nc3 Nf6 4. d3 d6 5. e4 g6 6. Be2 Bg7 7. O-O O-O 8. a3 a6
9. h3 Rb8 10. Rb1 b5 11. cxb5 axb5 12. d4 b4 13. axb4 cxb4 14. d5 bxc3 15. dxc6
Nxe4 16. Qc2 d5 17. bxc3 Rxb1 18. Qxb1 Nxc3 19. Qd3 Nxe2+ 20. Qxe2 Qb6 21. Qc2
Bf5 22. Qa4 Rc8 23. Nd4 Bxd4 0-1

[Event "XI Open Piemonte Scacchi"]
[Site "Torino ITA"]
[Date "2011.09.11"]
[Round "5"]
[White "Doromeychuk, Anton"]
[Black "Gennaro, Isabella"]
[Result "0-1"]
[WhiteElo "1614"]
[BlackElo "1588"]
[PlyCount "38"]
[EventDate "2011.09.09"]

1. e4 c5 2. Nf3 Nc6 3. c3 e6 4. d4 d5 5. e5 Be7 6. Bb5 Bd7 7. O-O Nxe5 8. Nxe5
Bxb5 9. Re1 Nf6 10. a4 Bc6 11. Bg5 Ne4 12. Bxe7 Qxe7 13. f3 Nf6 14. a5 O-O 15.
a6 Rfb8 16. f4 Bb5 17. axb7 Rxb7 18. Kh1 Ne4 19. Nd2 Nf2+ 0-1